[Event "ROM-ch U08"]
[Site "Calimanesti Caciulata"]
[Date "2019.04.17"]
[Round "3"]
[White "Gazdaru, Rares"]
[Black "Moisei, David Andrei"]
[Result "1-0"]
[WhiteElo "1259"]
[BlackElo "1050"]
[PlyCount "73"]
[EventDate "2019.04.15"]
[EventType "swiss"]
[EventRounds "9"]
[EventCountry "ROU"]
[SourceTitle "CBM 190 Extra"]
[Source "ChessBase"]
[SourceDate "2019.07.15"]
[SourceVersion "1"]
[SourceVersionDate "2019.07.15"]
[SourceQuality "1"]

1. d4 f5 2. Nf3 Nf6 3. Bf4 e6 4. h3 h5 5. e3 d5 6. Be2 c5 7. c3 Nc6 8. Ne5 Qb6 9. Qc2 Bd7 10. Ng6 Rg8 11. Nxf8 Rxf8 12. Bd6 Ne7 13. dxc5 Qc6 14. a4 a6 15. b4 b5 16. axb5 axb5 17. Rxa8+ Qxa8 18. 0-0 Rg8 19. Bxe7 Kxe7 20. Nd2 g5 21. Nb3 g4 22. hxg4 fxg4 23. Ra1 Qb8 24. Nd4 g3 25. f3 Qe5 26. Qd2 Qc7 27. c6 Bxc6 28. Bxb5 Bxb5 29. Nxb5 Qb6 30. Nd4 h4 31. Qd3 Qd6 32. Ra6 Qd7 33. Nc6+ Kf8 34. Ne5 Qe8 35. Qd4 Qh5 36. Rxe6 Qf5 37. Rxf6+ 1-0

[Event "ROM-ch U08"]
[Site "Calimanesti Caciulata"]
[Date "2019.04.15"]
[Round "1"]
[White "Cobianu, Filip"]
[Black "Moisei, David Andrei"]
[Result "0-1"]
[WhiteElo "1001"]
[BlackElo "1050"]
[PlyCount "40"]
[EventDate "2019.04.15"]
[EventType "swiss"]
[EventRounds "9"]
[EventCountry "ROU"]
[SourceTitle "CBM 190 Extra"]
[Source "ChessBase"]
[SourceDate "2019.07.15"]
[SourceVersion "1"]
[SourceVersionDate "2019.07.15"]
[SourceQuality "1"]

1. e4 e5 2. Qf3 Nf6 3. Bc4 Be7 4. d3 0-0 5. Bg5 d6 6. Bxf6 Bxf6 7. Qh5 Nc6 8. Nh3 h6 9. Bxf7+ Rxf7 10. Qg6 Be6 11. 0-0 Qd7 12. Nd2 Re8 13. c3 d5 14. exd5 Qxd5 15. c4 Qxd3 16. Nb3 Qxg6 17. Rad1 Bxh3 18. g3 Qe4 19. f3 Qe2 20. Rd2 Qxf1# 0-1